000 01379pam a2200373 a 4500
005 20260322212032.0
008 data
010 _a 88034532
020 _a0194343553
020 _a9780194343558
040 _aDLC
_cDLC
_dDLC
041 0 _aengspa
042 _alcac
043 _an-us---
050 0 0 _aPE2835
_b.P37 1989
082 0 0 _a423/.1
_219
092 _a423.1 P37 1989
100 1 _aParnwell, E. C.
245 1 4 _aThe new Oxford picture dictionary /
_cE. C. Parnwell, E. C. Parnwell & Raymond Burns.
250 _aEnglish/Spanish ed.
260 _aNew York, NY :
_bOxford University Press,
_c1989.
300 _aiii, 144 p. :
_bcol. ill. ;
_c25 cm.
500 _aRev. ed. of: Oxford picture dictionary of American English. English/Spanish ed. 1978.
500 _aIncludes index.
520 _aTeaches English as a second language to Spanish speakers through the use of pictures dealing with everyday topics such as the body, post office, law, travel, and family.
650 0 _aPicture dictionaries, English.
650 0 _aEnglish language
_zUnited States
_xDictionaries.
650 0 _aAmericanisms
_xDictionaries.
650 0 _aEnglish language
_xSpanish.
_xSpanish.
650 1 _aEnglish language
_xSpanish.
_xSpanish.
700 1 _aParnwell, E. C.
_tOxford picture dictionary of American English.
700 1 _aBurns, Raymond,
_d1924-
_eill.
001 data
999 _c741
_d741